| 000 | 00436nam a2200145 a 4500 | ||
|---|---|---|---|
| 005 | 20140414093835.0 | ||
| 008 | 030619s19uu xx 00 eng d | ||
| 050 |
_aCDR 001 _bJUM 1997 |
||
| 245 | _aJump-start adventures 6th grade. | ||
| 500 | _a"There's no stopping a kid with JumpStart!"--Cover. | ||
| 520 | _a"Knowledge adventure"--Cover. | ||
| 650 |
_aInteractive videos _xquestion and answer. |
||
| 942 | _cAVM | ||
| 999 |
_c108950 _d108950 |
||